| 000 | 00541nam a2200229Ia 4500 | ||
|---|---|---|---|
| 008 | 160803s9999 xx 000 0 und d | ||
| 020 | _a978-0590396967 | ||
| 100 | _aPierce, Tamora | ||
| 245 | _aShatterglass / | ||
| 245 | _cTamora Pierce. | ||
| 260 | _aNew York : | ||
| 260 | _bScholastic Inc. | ||
| 260 | _c2004 | ||
| 300 | _a357 pages, 4 unnumbered pages ; | ||
| 300 | _c18 cm. | ||
| 440 | _aThe Circle opens ; | ||
| 440 | _vno. 4 | ||
| 650 | _aFantasy. | ||
| 650 | _aMagic -- | ||
| 650 | _xFiction. | ||
| 700 | _a800 | ||
| 999 |
_c298500 _d298500 |
||